| 000 | 004640000a22001810004500 | ||
|---|---|---|---|
| 003 | MACL | ||
| 005 | 20160101115212.0 | ||
| 008 | 160101b xxu||||| |||| 00| 0 eng d | ||
| 040 |
_aMACL _cMACL |
||
| 041 | _aEnglish | ||
| 082 | _a345.05/JHA | ||
| 100 |
_aJhabvala, Noshirvan H. _926141 |
||
| 245 | _aThe code of Criminal Procedure 1973 | ||
| 260 |
_bC. jamnadas & Co _c1988 _aBombay |
||
| 350 | _a45 | ||
| 650 |
_aCrimnal law _926142 |
||
| 942 |
_cBK _k345/Jah _2ddc |
||
| 999 |
_c34242 _d34242 |
||